000 00848nam a2200325Ia 4500
003 OSt
005 20220912150240.0
006 a|||||r|||| 00| 0
007 ta
008 220909b |||||||| |||| 00| 0 eng d
020 _a0201328313 (pbk)
024 _a7812
037 _bAffiliated,
037 _cTextual
040 _aCSL
_beng
_cCSL
041 _aeng
082 _aCN1K4, N7
100 _aBethe Hans A
245 0 _aIntermediate quantum mechanics
250 _a3rd
260 _aMassachusetts
_bAddison-Wesley
_c1997
300 _axviii,396p
490 _aAdvanced book classics
500 _aIndexes 391-396p
650 _a Quantum mechanics
650 _aPhysics
700 _a Jackiw Roman
942 _hCN1K4, N7
_cTEXL
_2CC
999 _c42960
_d42960